Účetnictví mezi tradicí a racionalitou : v českých zemích od středověku do počátku 18. století /

Hlavní autor: Slavíčková, Pavla, 1979-
Jazyk: Čeština
Vydáno: Dolní Břežany : Scriptorium, 2017
Vydání: Vydání první
Témata:
Fyzický popis: 234 stran : faksimile ; 22 cm
Language note: Anglické resumé
Knihy
Uloženo v:
LEADER 02122nam a2200541 i 4500
001 nkc20182986134
003 CZ PrNK
005 20180725104905.0
007 ta
008 180322s2017 xr h f 000 0 cze
015 |a cnb002986134 
020 |a 978-80-88013-60-0  |q (vázáno) 
035 |a (OCoLC)1035471263 
040 |a OLA001  |b cze  |e rda 
041 0 |a cze  |b eng 
043 |a e-xr--- 
045 |a r-v- 
072 7 |a 657  |x Účetnictví  |2 Konspekt  |9 4 
080 |a 657  |2 MRF 
080 |a 657(091)  |2 MRF 
080 |a (437.3)  |2 MRF 
080 |a (048.8)  |2 MRF 
100 1 |a Slavíčková, Pavla,  |d 1979-  |7 jo2007416155  |4 aut 
245 1 0 |a Účetnictví mezi tradicí a racionalitou :  |b v českých zemích od středověku do počátku 18. století /  |c Pavla Slavíčková 
246 3 0 |a Účetnictví mezi tradicí a racionalitou v českých zemích od středověku do počátku 18. století 
250 |a Vydání první 
264 1 |a Dolní Břežany :  |b Scriptorium,  |c 2017 
300 |a 234 stran :  |b faksimile ;  |c 22 cm 
336 |a text  |b txt  |2 rdacontent 
337 |a bez média  |b n  |2 rdamedia 
338 |a svazek  |b nc  |2 rdacarrier 
500 |a 350 výtisků 
504 |a Obsahuje bibliografii a bibliografické odkazy 
546 |a Anglické resumé 
648 7 |a 14.-18. století  |7 ch757049  |2 czenas 
650 0 7 |a účetnictví  |7 ph116911  |z Česko  |y 14.-18. století  |2 czenas 
650 0 7 |a dějiny účetnictví  |7 ph868812  |z Česko  |y 14.-18. století  |2 czenas 
650 0 9 |a accounting  |z Czechia  |y 14th-18th centuries  |2 eczenas 
650 0 9 |a history of accounting  |z Czechia  |y 14th-18th centuries  |2 eczenas 
655 7 |a monografie  |7 fd132842  |2 czenas 
655 9 |a monographs  |2 eczenas 
910 2 |a BOA001  |b 2-1405.774 
990 |a BK 
995 |a 01 
991 |b 201804  |c NOV 
996 6 |b 2610739439  |c 2-1405.774  |l MZK  |r Sklad / do 1 hodiny  |n 3  |p p.v.  |w 001658033  |u 000010  |a 1  |e BOA001  |j MZK50  |s P 
996 6 |b 2610740698  |c 2-1405.774  |l MZK  |r HSS 4p  |n 0  |p kup  |h 657 SLA  |w 001658033  |u 000020  |a 0  |e BOA001  |j MZK50  |s P 
996 7 |b 2610740699  |c 2-1405.774  |l MZK  |r Sklad / do 1 hodiny  |n 4  |p kup  |w 001658033  |u 000030  |a 1  |e BOA001  |j MZK50  |s A